[Event "Sunnyvale Summer op"]
[Site "Sunnyvale"]
[Date "2023.07.03"]
[Round "5"]
[White "Wong, Andrew Yun"]
[Black "Zapata, Karen"]
[Result "0-1"]
[WhiteElo "1817"]
[BlackElo "2061"]
[PlyCount "85"]
[EventDate "2023.07.01"]
[EventType "swiss"]
[EventRounds "7"]
[EventCountry "USA"]
[SourceTitle "EXT 2024"]
[Source "ChessBase"]
[SourceDate "2023.10.10"]
[SourceVersion "1"]
[SourceVersionDate "2023.10.10"]
[SourceQuality "1"]

1. e4 c5 2. Nf3 Nc6 3. d4 cxd4 4. Nxd4 d6 5. Nc3 g6 6. Be3 Bg7 7. Qd2 Nf6 8. f3 Bd7 9. 0-0-0 a6 10. Bh6 Bxh6 11. Qxh6 b5 12. h4 Rc8 13. Nxc6 Rxc6 14. Nd5 Nxd5 15. exd5 Rc5 16. g4 Qa5 17. Kb1 b4 18. Qg7 Rf8 19. Qxh7 Rxd5 20. Bc4 Rc5 21. Bb3 Bc6 22. Rhe1 Qc7 23. Re3 a5 24. h5 gxh5 25. gxh5 a4 26. Bxf7+ Rxf7 27. Qg8+ Rf8 28. Qg6+ Kd8 29. h6 Be8 30. Qe4 Rh8 31. h7 Qa7 32. Qh4 Qc7 33. Re6 Rh5 34. Rexd6+ Kc8 35. Qg4+ Kb7 36. Qxb4+ Rb5 37. Qe4+ Bc6 38. Rxc6 Qxc6 39. Rd7+ Kb6 40. Qd4+ Qc5 41. Qg7 Qe5 42. Qh6+ Kc5 43. b4+ 0-1

[Event "Sunnyvale Summer op"]
[Site "Sunnyvale"]
[Date "2023.07.01"]
[Round "2"]
[White "Wong, Andrew Yun"]
[Black "Vidyarthi, Omya"]
[Result "0-1"]
[WhiteElo "1867"]
[BlackElo "1958"]
[PlyCount "92"]
[EventDate "2023.07.01"]
[EventType "swiss"]
[EventRounds "7"]
[EventCountry "USA"]
[SourceTitle "EXT 2024"]
[Source "ChessBase"]
[SourceDate "2023.10.10"]
[SourceVersion "1"]
[SourceVersionDate "2023.10.10"]
[SourceQuality "1"]

1. e4 e5 2. f4 Bc5 3. Nf3 d6 4. Nc3 Nf6 5. Bc4 Nc6 6. d3 Bg4 7. Na4 Bb6 8. Nxb6 axb6 9. 0-0 Bxf3 10. gxf3 Na5 11. f5 d5 12. exd5 Qd7 13. Bd2 Nxc4 14. dxc4 0-0 15. Bb4 Rfe8 16. Qd3 b5 17. b3 bxc4 18. bxc4 Ra4 19. Bc3 Qd6 20. Kh1 Qc5 21. Rg1 Qxc4 22. Qd2 Qxd5 23. Qg2 Nh5 24. Raf1 f6 25. Qh3 Qf7 26. Rd1 Nf4 27. Qf1 Rxa2 28. Qb5 c6 29. Qb3 Qxb3 30. cxb3 Nh3 31. Ra1 Rea8 32. Rxa2 Rxa2 33. Ra1 Rxa1+ 34. Bxa1 Nf4 35. Kg1 Ne2+ 36. Kf2 Nc1 37. Ke3 Nxb3 38. Bc3 Nd4 39. Ke4 b6 40. Bb2 Nb5 41. f4 Nd6+ 42. Kf3 e4+ 43. Kg4 Nc4 44. Bc3 Ne3+ 45. Kg3 Nxf5+ 46. Kf2 Kf7 0-1

[Event "Sunnyvale 1000 GM Bona op"]
[Site "Sunnyvale"]
[Date "2023.04.23"]
[Round "4"]
[White "Rodriguez Rivera, Pedro"]
[Black "Wong, Andrew Yun"]
[Result "1/2-1/2"]
[WhiteElo "2142"]
[BlackElo "1933"]
[PlyCount "64"]
[EventDate "2023.04.21"]
[EventType "swiss"]
[EventRounds "5"]
[EventCountry "USA"]
[SourceTitle "EXT 2024"]
[Source "ChessBase"]
[SourceDate "2023.10.10"]
[SourceVersion "1"]
[SourceVersionDate "2023.10.10"]
[SourceQuality "1"]

1. e4 c5 2. Nc3 g6 3. g3 Bg7 4. d3 Nc6 5. Be3 d6 6. Bg2 Nf6 7. h3 0-0 8. Qd2 e5 9. g4 Be6 10. Nd5 b5 11. Bg5 Rb8 12. c3 Bxd5 13. exd5 Ne7 14. b3 c4 15. dxc4 bxc4 16. b4 e4 17. Ne2 Nexd5 18. Rd1 Qb6 19. 0-0 Rfe8 20. Qd4 Rbc8 21. Bxf6 Nxf6 22. Qxb6 axb6 23. Rxd6 Ra8 24. Rxb6 Rxa2 25. Nc1 Rc2 26. Rc6 e3 27. fxe3 Rxe3 28. Rc8+ Bf8 29. Rxf6 Rxc1+ 30. Rf1 Rexc3 31. Bd5 Rxf1+ 32. Kxf1 Rb3 1/2-1/2

[Event "Sunnyvale 1000 GM Bona op"]
[Site "Sunnyvale"]
[Date "2023.04.22"]
[Round "2"]
[White "Zapata, Karen"]
[Black "Wong, Andrew Yun"]
[Result "1-0"]
[WhiteElo "2108"]
[BlackElo "1933"]
[PlyCount "81"]
[EventDate "2023.04.21"]
[EventType "swiss"]
[EventRounds "5"]
[EventCountry "USA"]
[SourceTitle "EXT 2024"]
[Source "ChessBase"]
[SourceDate "2023.10.10"]
[SourceVersion "1"]
[SourceVersionDate "2023.10.10"]
[SourceQuality "1"]

1. e4 c5 2. Nf3 g6 3. d4 cxd4 4. Nxd4 Nc6 5. Nc3 Bg7 6. Nb3 Nf6 7. Bg5 0-0 8. Qd2 d6 9. f4 Be6 10. 0-0-0 Na5 11. Kb1 Nc4 12. Bxc4 Bxc4 13. e5 dxe5 14. fxe5 Ng4 15. Qf4 Qc8 16. h3 Nxe5 17. Bxe7 Re8 18. Bf6 Bxf6 19. Qxf6 Re6 20. Qh4 a5 21. Nxa5 Bxa2+ 22. Nxa2 Rea6 23. b4 b6 24. Rhe1 bxa5 25. Rxe5 axb4 26. Red5 Qb7 27. Rd8+ Kg7 28. Qd4+ Kh6 29. Qf4+ g5 30. R1d6+ Rxd6 31. Qxd6+ Kh5 32. g4+ Kh4 33. Qh6+ Kg3 34. Rd3+ Kg2 35. Qxg5 Qa7 36. Qd5+ Kh2 37. Qe5+ Kg2 38. Qg3+ Kf1 39. Rf3+ Ke2 40. Qg2+ Kd1 41. Rf1# 1-0

[Event "Milpitas SJCC 1000 GM Winter"]
[Site "Milpitas"]
[Date "2023.01.22"]
[Round "3"]
[White "Stevens, Adam B"]
[Black "Wong, Andrew Yun"]
[Result "0-1"]
[WhiteElo "1594"]
[BlackElo "1765"]
[PlyCount "202"]
[EventDate "2023.01.21"]
[EventType "swiss"]
[EventRounds "5"]
[EventCountry "USA"]
[SourceTitle "CBM 212 Extra"]
[Source "ChessBase"]
[SourceDate "2023.03.31"]
[SourceVersion "1"]
[SourceVersionDate "2023.03.31"]
[SourceQuality "1"]

1. e4 c5 2. Nf3 g6 3. d4 cxd4 4. Qxd4 Nf6 5. e5 Nc6 6. Qa4 Nd5 7. Qe4 Nb6 8. Bf4 d5 9. exd6 Bf5 10. Qe2 Nd5 11. dxe7 Bxe7 12. Bg5 Ndb4 13. Na3 0-0 14. Bxe7 Nxe7 15. Qd2 Qa5 16. Bd3 Bxd3 17. cxd3 Nxd3+ 18. Kf1 Qa6 19. Kg1 Rad8 20. Qc2 Rc8 21. Qb3 Rfd8 22. h4 Nc1 23. Qe3 Rd1+ 24. Kh2 Qd6+ 25. Qe5 Qxe5+ 26. Nxe5 Rxh1+ 27. Kxh1 f6 28. Nec4 Nd3 29. Kg1 Nf5 30. Rd1 Nb4 31. Rd7 b5 32. Nd6 Rc1+ 33. Kh2 Nxd6 34. Rxd6 a6 35. Rxf6 Ra1 36. Rb6 Rxa2 37. Nxb5 axb5 38. Rxb5 Rxb2 39. Kg3 Nd3 40. Rxb2 Nxb2 41. h5 Kg7 42. hxg6 hxg6 43. Kg4 Kf6 44. Kf4 Nd3+ 45. Ke3 Ne1 46. g3 Nc2+ 47. Kd3 Nb4+ 48. Ke3 Kf5 49. f3 Nd5+ 50. Kd3 Nc7 51. Ke3 Ne6 52. Kd3 Ng5 53. Ke3 Nh7 54. Kd3 Nf6 55. Ke3 Ke5 56. f4+ Ke6 57. Ke2 Ng4 58. Kf3 Kf5 59. Kg2 Nh6 60. Kh3 Nf7 61. Kh4 Kf6 62. g4 Nd6 63. Kg3 Nc4 64. Kf3 Nd2+ 65. Ke3 Nf1+ 66. Kf2 Nd2 67. Ke3 Nc4+ 68. Kd4 Nd6 69. Kd5 Ne8 70. Kd4 Ng7 71. Kd5 Ne6 72. Ke4 Nc7 73. Kd4 Ne8 74. Ke4 Ke7 75. Kf3 Kd6 76. Kg3 Nf6 77. Kh4 Ne4 78. Kh3 Kd5 79. Kg2 Kd4 80. Kf3 Kd3 81. g5 Nd6 82. Kg3 Ke4 83. f5 Kxf5 84. Kh4 Ne4 85. Kh3 Kxg5 86. Kg2 Kg4 87. Kg1 Kh3 88. Kh1 g5 89. Kg1 Nd2 90. Kh1 g4 91. Kg1 g3 92. Kh1 g2+ 93. Kg1 Nf3+ 94. Kf2 g1Q+ 95. Kxf3 Qd4 96. Ke2 Qc3 97. Kf2 Kg4 98. Ke2 Kf4 99. Kf2 Qd2+ 100. Kg1 Kg3 101. Kf1 Qf2# 0-1

[Event "Milpitas SJCC 1000 GM Winter"]
[Site "Milpitas"]
[Date "2023.01.21"]
[Round "1"]
[White "Katz, Stewart"]
[Black "Wong, Andrew Yun"]
[Result "0-1"]
[WhiteElo "1709"]
[BlackElo "1765"]
[PlyCount "76"]
[EventDate "2023.01.21"]
[EventType "swiss"]
[EventRounds "5"]
[EventCountry "USA"]
[SourceTitle "CBM 212 Extra"]
[Source "ChessBase"]
[SourceDate "2023.03.31"]
[SourceVersion "1"]
[SourceVersionDate "2023.03.31"]
[SourceQuality "1"]

1. e4 c5 2. Nf3 g6 3. Nc3 Bg7 4. h3 Nc6 5. Bb5 Nd4 6. Bc4 e6 7. d3 Ne7 8. Nxd4 cxd4 9. Nb1 b5 10. Bb3 Bb7 11. 0-0 0-0 12. Bg5 h6 13. Bh4 g5 14. Bg3 f5 15. f3 Qb6 16. Nd2 Kh8 17. h4 f4 18. Bf2 gxh4 19. Qe1 Ng6 20. Bxh4 Rg8 21. g4 fxg3 22. Bxg3 Nf4 23. Kh1 Be5 24. Bh2 Rg5 25. Bxf4 Rh5+ 26. Kg2 Rg8+ 27. Kf2 Bxf4 28. Ke2 Rg2+ 29. Rf2 Rhh2 30. Rxg2 Rxg2+ 31. Kf1 Rh2 32. Kg1 Rxd2 33. Qh4 Bg5 34. Qg3 Qd8 35. Kh1 Qe8 36. Kg1 Be3+ 37. Kf1 Qg8 38. Qe5+ Kh7 0-1